Cargando...

Thilakkamaarnna oraayiram sooryanmaar(തിളക്കമാർന്ന ഒരായിരം സൂര്യന്മാർ )

Detalles Bibliográficos
Autor principal: Hosseini, Khaled(ഹൊസൈനി, ഖാലിദ്‌ )
Otros Autores: Rema Menon, Tr
Formato: Printed Book
Publicado: Kottayam: D C Books, 2012
Materias:
LEADER 00919 a2200169 4500
020 |a 9788126434176 
082 |a M 823 HOS/T   |b 32Q2 
100 |a Hosseini, Khaled(ഹൊസൈനി, ഖാലിദ്‌ )  |9 14313 
240 |a A thousand splendid suns 
245 |a Thilakkamaarnna oraayiram sooryanmaar(തിളക്കമാർന്ന ഒരായിരം സൂര്യന്മാർ )  |c Khaled Hosseini(ഖാലിദ്‌ ഹൊസൈനി );tr. by Rema Menon(രമാ മേനോൻ, വിവ.) 
260 |a Kottayam:  |b D C Books,  |c 2012 
300 |a 336p 
650 |a English fiction-Afghan authors  |9 14314 
700 |a Rema Menon, Tr.  |9 14315 
942 |c BK 
999 |c 62106  |d 62106 
952 |0 0  |1 0  |4 0  |5 0  |6 M_823_000000000000000_HOST_32Q  |7 0  |8 MAL  |9 53914  |a MGUL  |b MGUL  |c GEN  |d 2014-01-30  |e Current Books Bill No 871 dated 24.01.2014  |l 20  |m 10  |o M 823 HOS/T 32Q2  |p 50651  |q 2020-11-24  |r 2020-07-13  |s 2020-07-13  |w 2014-08-07  |y BK